[Event "Saltwater sim"]
[Site "Saltwater"]
[Date "2004.02.14"]
[Round "19"]
[White "Polgar, Zsuzsa"]
[Black "Tobiason, Tim"]
[Result "1-0"]
[WhiteElo "2557"]
[BlackElo "1700"]
[PlyCount "87"]
[EventDate "2004.02.14"]
[EventType "simul (rapid)"]
[EventRounds "1"]
[EventCountry "USA"]
[SourceTitle "EXT 2006"]
[Source "ChessBase"]
[SourceDate "2005.11.24"]
[SourceVersion "1"]
[SourceVersionDate "2005.11.24"]
[SourceQuality "1"]

1. Nf3 Nf6 2. c4 b6 3. d4 Bb7 4. e3 e6 5. Bd3 Bb4+ 6. Nbd2 Be4 7. Bxe4 Nxe4 8. a3 Bxd2+ 9. Nxd2 Nxd2 10. Bxd2 Qg5 11. 0-0 Nc6 12. d5 exd5 13. e4 Qg6 14. exd5 Nd4 15. Bc3 Nf5 16. Re1+ Kd8 17. Qf3 d6 18. b4 Kd7 19. Re4 Rae8 20. Rg4 Qh5 21. Rf4 Qxf3 22. Rxf3 Nh4 23. Rf4 Ng6 24. Rxf7+ Re7 25. Rxe7+ Nxe7 26. Bxg7 Rg8 27. Bf6 Rg4 28. Bxe7 Kxe7 29. Rc1 Rd4 30. g3 Rd3 31. Re1+ Kf6 32. Re3 Rd1+ 33. Kg2 Rc1 34. Re4 Kf5 35. Rf4+ Ke5 36. h4 h5 37. b5 Rc3 38. a4 Ra3 39. Rf7 Rxa4 40. Rxc7 Kd4 41. g4 a5 42. gxh5 Rxc4 43. Rxc4+ Kxc4 44. h6 1-0